Midiendo ángulos : Dibujos a escala.
Guardado en:
| Formato: | |
|---|---|
| Series: | Educable
|
| Materias: | |
| Etiquetas: |
Agregar Etiqueta
Sin Etiquetas, Sea el primero en etiquetar este registro!
|
| LEADER | 00796ngm a22002295g 4500 | ||
|---|---|---|---|
| 001 | CEM.cems022306 | ||
| 008 | 130507b1997##################0###0#####d | ||
| 005 | 20241028164103.0 | ||
| 245 | 0 | 0 | |a Midiendo ángulos : |b Dibujos a escala. |
| 300 | |a 28'. | ||
| 490 | 0 | |a Educable | |
| 500 | |a En soporte VHS, consultar en ventanilla. | ||
| 505 | 0 | |a Programa educativo protagonizado por niños (niveles 1º, 2º y 3º de EGB). Construcción de una maqueta a escala. | |
| 538 | |a Soporte: VHS - Norma: Pal N - Color: Si - Grabación DRD 1997 - Hitachi=3560 | ||
| 082 | 5 | 2 | |/ SAG-3 |
| 653 | |a MATEMATICA | ||
| 653 | |a GEOMETRIA | ||
| 653 | |a ANGULOS | ||
| 653 | |a ESCALA | ||
| 653 | |a NIVEL PRIMARIO | ||
| 653 | |a NIVEL SECUNDARIO | ||
| 859 | |a CEMS |b BIB. CEMS - Depto. Recursos Didacticos |h 520 |i SAG-3 |k DRD |p 949.12 |t Ej.1 | ||
